000 00855nas a2200277 4500
001 BR2013003491
003 BR-BrBNA
005 20231205122252.0
007 ta
008 230509b bl.|||p| |||| 00| 00por d
040 _aBR-BrBNA
_bpor
_cBiblioteca Nacional de Agricultura
041 _a(Pt)
072 _aK50
100 1 _aPinto, J.A.
100 1 _aIwakiri, S.
245 1 _aEstudo sobre a viabilidade do uso da madeira de Cryptomeria japonica para produção de painéis compensados
650 _aCRYPTOMERIA JAPONICA
650 _aCEDRO JAPONÊS
650 _aMADEIRA
650 _aPROCESSAMENTO
650 _aCOMPENSADO
650 _aINDÚSTRIA FLORESTAL
773 0 _tScientia Forestalis (Brazil)
_xISSN 1413-9324
_g(Mar 2013), v. 41(97) p. 29-37
_wBR2013003491
909 _a202311
_bLúcia
_c55
_dLúcia Elande
942 _2AGRIS
_n0
_cANA
999 _c227788
_d227788